[Event "GER-chT U20"]
[Site "Osnabrueck"]
[Date "2013.12.28"]
[Round "3.4"]
[White "Konow, Philipp"]
[Black "Mikeler, Marcel"]
[Result "1-0"]
[WhiteElo "1940"]
[BlackElo "1735"]
[PlyCount "117"]
[EventDate "2013.12.27"]
[EventType "team-swiss"]
[EventRounds "7"]
[EventCountry "GER"]
[SourceTitle "EXT 2015"]
[Source "ChessBase"]
[SourceDate "2014.11.20"]
[SourceVersion "1"]
[SourceVersionDate "2014.11.20"]
[SourceQuality "1"]
[WhiteTeam "Stade"]
[BlackTeam "Heilbronn"]
[WhiteTeamCountry "GER"]
[BlackTeamCountry "GER"]

1. d4 Nf6 2. c4 e6 3. Nc3 d5 4. cxd5 exd5 5. Bg5 Be7 6. e3 0-0 7. Bd3 h6 8. Bxf6 Bxf6 9. Qf3 c6 10. Nge2 Nd7 11. g4 Re8 12. 0-0-0 b5 13. h4 Bxh4 14. Nf4 b4 15. Nce2 Qf6 16. Rh2 Bg5 17. Qg2 Bxf4 18. exf4 Rxe2 19. Bxe2 Qxf4+ 20. Kb1 Nf6 21. f3 Bd7 22. Qg1 Re8 23. Rg2 Nh7 24. Qh2 Qxh2 25. Rxh2 f6 26. f4 Re3 27. Rg2 Kf7 28. Rd3 Re7 29. a3 bxa3 30. Rxa3 Bc8 31. Bd3 Nf8 32. g5 hxg5 33. fxg5 f5 34. Re2 Rc7 35. Rc3 Ne6 36. Rg2 Nxd4 37. Be2 g6 38. Rh2 Nxe2 39. Rh7+ Kg8 40. Rxc7 Nxc3+ 41. bxc3 Ba6 42. Rxc6 Bd3+ 43. Kc1 f4 44. Kd2 Be4 45. Rc7 a5 46. Ra7 a4 47. Rxa4 Kf7 48. Ra6 Ke7 49. Rf6 Bf5 50. Ke1 Be4 51. Kf2 Kd7 52. Rxf4 Ke6 53. Ke3 Ke5 54. Rxe4+ dxe4 55. c4 Kf5 56. c5 Ke5 57. c6 Kd6 58. Kxe4 Kxc6 59. Ke5 1-0

[Event "Niedersachsen-ch"]
[Site "Verden"]
[Date "2012.01.03"]
[Round "4"]
[White "Kaiser, Gerhard"]
[Black "Konow, Philipp"]
[Result "1-0"]
[WhiteElo "2094"]
[BlackElo "1995"]
[PlyCount "85"]
[EventDate "2012.01.02"]
[EventType "swiss"]
[EventRounds "7"]
[EventCountry "GER"]
[SourceTitle "EXT 2021"]
[Source "ChessBase"]
[SourceDate "2020.10.23"]
[SourceVersion "1"]
[SourceVersionDate "2020.10.23"]
[SourceQuality "1"]

1. e4 c5 2. Nf3 Nc6 3. d4 cxd4 4. Nxd4 e5 5. Nb5 d6 6. N1c3 a6 7. Na3 b5 8. Nd5 Rb8 9. c3 Nce7 10. Ne3 Nf6 11. Bd3 Bb7 12. f3 d5 13. exd5 Nexd5 14. Nxd5 Qxd5 15. Be2 Qc6 16. Qb3 Bc5 17. Bd2 0-0 18. Nc2 Qb6 19. a4 Bf2+ 20. Kd1 Qd6 21. Kc1 Bd5 22. Qa3 Bc5 23. b4 Bb6 24. axb5 axb5 25. Bxb5 Rfc8 26. Rd1 Qe6 27. Qb2 e4 28. Ba6 Rc7 29. Bf4 exf3 30. gxf3 Rbc8 31. Bxc7 Rxc7 32. Re1 Qd6 33. c4 Bxf3 34. c5 Qf4+ 35. Kb1 Ba7 36. Qe5 Qxe5 37. Rxe5 Be4 38. Kb2 g6 39. Rf1 Rc6 40. Bb5 Bb8 41. Rxe4 Nxe4 42. Bxc6 Be5+ 43. Ka3 1-0

[Event "Oberliga Nord W 1112"]
[Site "Germany"]
[Date "2011.12.11"]
[Round "4.8"]
[White "Konow, Philipp"]
[Black "Van Akkeren, Arno"]
[Result "1-0"]
[WhiteElo "1974"]
[BlackElo "1877"]
[PlyCount "63"]
[EventDate "2011.10.02"]
[EventType "team-tourn"]
[EventRounds "9"]
[EventCountry "GER"]
[SourceTitle "EXT 2013"]
[Source "ChessBase"]
[SourceDate "2012.11.22"]
[SourceVersion "1"]
[SourceVersionDate "2012.11.22"]
[SourceQuality "1"]
[WhiteTeam "Stade"]
[BlackTeam "Nordhorn Blanke"]
[WhiteTeamCountry "GER"]
[BlackTeamCountry "GER"]

1. d4 d5 2. c4 c6 3. Nc3 e6 4. e4 dxe4 5. Nxe4 Nf6 6. Nxf6+ Qxf6 7. Nf3 Nd7 8. Bd3 h6 9. 0-0 Bd6 10. Bc2 g5 11. Be3 g4 12. Nd2 Qh4 13. g3 Qh5 14. Be4 f5 15. Bg2 0-0 16. c5 Bc7 17. Nc4 Nf6 18. Qd2 Nd5 19. Ne5 f4 20. gxf4 Kh8 21. f3 Bxe5 22. fxg4 Qxg4 23. fxe5 Rg8 24. Bxh6 Rg6 25. Rf8+ Kh7 26. Rf7+ Kh8 27. Raf1 b6 28. Rf8+ Rg8 29. Rxg8+ Kxg8 30. Rf8+ Kh7 31. Rf7+ Kh8 32. Qd3 1-0

[Event "Oberliga Nord W 1112"]
[Site "Germany"]
[Date "2011.11.20"]
[Round "3.7"]
[White "Konow, Philipp"]
[Black "Heinemann, Ernst"]
[Result "1/2-1/2"]
[WhiteElo "1974"]
[BlackElo "2186"]
[PlyCount "90"]
[EventDate "2011.10.02"]
[EventType "team-tourn"]
[EventRounds "9"]
[EventCountry "GER"]
[SourceTitle "EXT 2013"]
[Source "ChessBase"]
[SourceDate "2012.11.22"]
[SourceVersion "1"]
[SourceVersionDate "2012.11.22"]
[SourceQuality "1"]
[WhiteTeam "Stade"]
[BlackTeam "Oldenburg Union"]
[WhiteTeamCountry "GER"]
[BlackTeamCountry "GER"]

1. d4 Nf6 2. c4 c5 3. d5 b5 4. Qc2 bxc4 5. e4 Ba6 6. Nc3 d6 7. Nf3 g6 8. Bg5 Bg7 9. Nd2 0-0 10. Bxc4 Bxc4 11. Nxc4 Nbd7 12. 0-0 Nb6 13. Nd1 Nxc4 14. Qxc4 Rb8 15. Qe2 Qa5 16. Ne3 Rfe8 17. Nc4 Qb5 18. Rac1 Nd7 19. b3 Nb6 20. f4 Bd4+ 21. Kh1 Nxc4 22. bxc4 Qd7 23. f5 f6 24. Bh6 Rb2 25. Rc2 Reb8 26. Bc1 Rb1 27. Qd2 Qa4 28. Qd3 Ra1 29. e5 Qe8 30. exd6 exd6 31. Re2 Be5 32. Qa3 Rbb1 33. Ree1 Qf7 34. Qa5 Qd7 35. fxg6 hxg6 36. Bd2 Rxe1 37. Rxe1 Kf7 38. Bc1 g5 39. Qa3 Bf4 40. Qb2 Rxc1 41. Rxc1 Bxc1 42. Qxc1 Qf5 43. h3 Qd3 44. Qe1 Qf5 45. Qe2 Qb1+ 1/2-1/2

[Event "GER-chT Schools WK II"]
[Site "Verden an der Aller"]
[Date "2011.05.14"]
[Round "2.1"]
[White "Konow, Philipp"]
[Black "Petkidis, Anthony"]
[Result "0-1"]
[WhiteElo "1974"]
[BlackElo "2179"]
[PlyCount "86"]
[EventDate "2011.05.14"]
[EventType "team-swiss"]
[EventRounds "7"]
[EventCountry "GER"]
[SourceTitle "EXT 2022"]
[Source "ChessBase"]
[SourceDate "2021.10.06"]
[SourceVersion "1"]
[SourceVersionDate "2021.10.06"]
[SourceQuality "1"]
[WhiteTeam "Stade Athenaeum U17"]
[BlackTeam "Hannover Humboldtschule U17"]
[WhiteTeamCountry "GER"]
[BlackTeamCountry "GER"]

1. d4 Nf6 2. Nf3 e6 3. e3 c5 4. Bd3 b6 5. Qe2 Bb7 6. Nbd2 Be7 7. 0-0 d6 8. c4 Nbd7 9. b3 0-0 10. Bb2 Rc8 11. a3 Re8 12. Ng5 h6 13. f4 Qc7 14. Ngf3 d5 15. Rac1 Qb8 16. Ne5 Qa8 17. f5 exf5 18. Bxf5 Rc7 19. Bxd7 Nxd7 20. Nxf7 dxc4 21. Qh5 Bf6 22. Nxh6+ gxh6 23. Qg6+ Kf8 24. dxc5 Re6 25. Bxf6 Nxf6 26. Rxf6+ Rxf6 27. Qxf6+ Kg8 28. Rxc4 Rg7 29. e4 bxc5 30. Qe6+ Kh7 31. Rxc5 Qd8 32. Qf5+ Kh8 33. Qf2 Qd6 34. Rf5 Kg8 35. Rf6 Qe7 36. Rxh6 Qxa3 37. h3 Qa1+ 38. Kh2 Qe5+ 39. g3 Bc8 40. Qe3 Be6 41. Rh4 a5 42. Qh6 Qxg3+ 43. Kh1 Qg1# 0-1

[Event "GER-chT U16"]
[Site "Naumburg"]
[Date "2010.12.28"]
[Round "3.2"]
[White "Fornoff, Robin"]
[Black "Konow, Philipp"]
[Result "0-1"]
[WhiteElo "1663"]
[BlackElo "1946"]
[PlyCount "100"]
[EventDate "2010.12.27"]
[EventType "team-swiss"]
[EventRounds "7"]
[EventCountry "GER"]
[SourceTitle "CBM 140 Extra"]
[Source "ChessBase"]
[SourceDate "2011.03.01"]
[SourceVersion "1"]
[SourceVersionDate "2011.03.01"]
[SourceQuality "1"]
[WhiteTeam "Gernsheim"]
[BlackTeam "Stade"]
[WhiteTeamCountry "GER"]
[BlackTeamCountry "GER"]

1. e4 c5 2. c3 d5 3. exd5 Qxd5 4. d4 Nf6 5. Nf3 Bg4 6. Be2 e6 7. 0-0 Nc6 8. h3 Bh5 9. Be3 cxd4 10. cxd4 Be7 11. Nc3 Qd6 12. Rc1 Rd8 13. Qd2 0-0 14. Rfd1 Nd5 15. Ne4 Qb8 16. a3 a5 17. Nc3 Rd7 18. Ne5 Nxe5 19. Bxh5 Nc4 20. Qe2 Ncxe3 21. fxe3 Bg5 22. Nxd5 exd5 23. Rc3 Re7 24. Qf2 Qd6 25. Re1 Rfe8 26. Rb3 Qh6 27. Bf3 a4 28. Rc3 Rxe3 29. Rexe3 Bxe3 30. Qxe3 Qxe3+ 31. Rxe3 Rxe3 32. Bxd5 Re7 33. Bf3 Re1+ 34. Kh2 Rb1 35. Bxb7 Rxb2 36. Bc6 Rb3 37. Bxa4 Rxa3 38. Bc6 Kf8 39. Bf3 Rd3 40. d5 Ke7 41. Kg3 Kd6 42. Kf4 Rxf3+ 43. Kxf3 Kxd5 44. Kf4 Kd4 45. g4 h6 46. h4 Kd3 47. g5 hxg5+ 48. hxg5 Kd4 49. Kf5 Kd5 50. Kf4 g6 0-1

[Event "GER-chT U16"]
[Site "Naumburg"]
[Date "2010.12.28"]
[Round "4.2"]
[White "Konow, Philipp"]
[Black "Hinrichs, Lars"]
[Result "1-0"]
[WhiteElo "1946"]
[BlackElo "1805"]
[PlyCount "93"]
[EventDate "2010.12.27"]
[EventType "team-swiss"]
[EventRounds "7"]
[EventCountry "GER"]
[SourceTitle "CBM 140 Extra"]
[Source "ChessBase"]
[SourceDate "2011.03.01"]
[SourceVersion "1"]
[SourceVersionDate "2011.03.01"]
[SourceQuality "1"]
[WhiteTeam "Stade"]
[BlackTeam "Hamburger SK"]
[WhiteTeamCountry "GER"]
[BlackTeamCountry "GER"]

1. d4 Nf6 2. c4 g6 3. Nc3 Bg7 4. e4 d6 5. Nf3 0-0 6. Be2 Nbd7 7. 0-0 e5 8. Be3 c6 9. Rc1 a6 10. Nd2 b5 11. b4 Re8 12. a4 bxa4 13. c5 exd4 14. Bxd4 dxc5 15. bxc5 Bf8 16. Nxa4 Qc7 17. f3 Bb7 18. Nc4 Rad8 19. Qc2 Nh5 20. Be3 Nf4 21. Rfd1 Nf6 22. g3 Ne6 23. Qb2 Nh5 24. e5 Nhg7 25. Nd6 Rb8 26. Rb1 Bxd6 27. exd6 Qd8 28. Bd3 Nf8 29. Bf2 Nd7 30. Qa2 Ne6 31. Bc4 Qg5 32. Re1 Ne5 33. Kg2 Qf6 34. Be2 Ba8 35. Nb6 Bb7 36. f4 Nxf4+ 37. gxf4 Qxf4 38. Rb3 Ng4 39. Bxg4 Qxg4+ 40. Rg3 Qf5 41. Qc4 Rbd8 42. Rxe8+ Rxe8 43. d7 Rd8 44. Rf3 Qg5+ 45. Bg3 Qe7 46. Bh4 g5 47. Bxg5 1-0

[Event "Dortmund Sparkassen op-A"]
[Site "Dortmund"]
[Date "2010.07.20"]
[Round "4"]
[White "Konow, Philipp"]
[Black "Kartsev, Alexandr"]
[Result "0-1"]
[WhiteElo "1889"]
[BlackElo "2145"]
[PlyCount "82"]
[EventDate "2010.07.17"]
[EventType "swiss"]
[EventRounds "9"]
[EventCountry "GER"]
[SourceTitle "CBM 137 Extra"]
[Source "ChessBase"]
[SourceDate "2010.09.01"]
[SourceVersion "1"]
[SourceVersionDate "2010.09.01"]
[SourceQuality "1"]

1. d4 f5 2. Bg5 Nf6 3. Bxf6 exf6 4. e3 d5 5. c4 c6 6. Nc3 dxc4 7. Bxc4 b5 8. Bb3 a5 9. Qf3 a4 10. Bc2 a3 11. b3 Bb4 12. Nge2 Qa5 13. e4 fxe4 14. Qxe4+ Kf7 15. Qd3 Bf5 16. Qd2 Bxc3 17. Nxc3 Re8+ 18. Kf1 b4 19. Ne2 Na6 20. Rc1 Rac8 21. h4 Re7 22. Bxf5 Qxf5 23. Rh3 Rce8 24. Nf4 c5 25. d5 Rd7 26. Rf3 Qe5 27. Re3 Qb2 28. Rc2 Qa1+ 29. Ke2 Rxe3+ 30. fxe3 Qe5 31. Qd3 Rd6 32. Qxh7 Nc7 33. Qg6+ Kf8 34. Rxc5 f5 35. Qh7 Nxd5 36. Rxd5 Qb2+ 37. Kf3 Rxd5 38. Nxd5 Qb1 39. Kg3 f4+ 40. Nxf4 Qxh7 41. Ne6+ Ke7 0-1

[Event "GER-chT U14"]
[Site "Verden"]
[Date "2008.12.28"]
[Round "3.3"]
[White "Konow, Philipp"]
[Black "Simanowski, Mio"]
[Result "1-0"]
[WhiteElo "1824"]
[BlackElo "1452"]
[PlyCount "49"]
[EventDate "2008.12.27"]
[EventType "team-swiss"]
[EventRounds "7"]
[EventCountry "GER"]
[SourceTitle "EXT 2010"]
[Source "ChessBase"]
[SourceDate "2010.11.25"]
[SourceVersion "1"]
[SourceVersionDate "2010.11.25"]
[SourceQuality "1"]
[WhiteTeam "Stade"]
[BlackTeam "Muelheim Nord"]
[WhiteTeamCountry "GER"]
[BlackTeamCountry "GER"]

1. d4 d5 2. c4 c6 3. Nc3 Nf6 4. Bg5 e6 5. e3 Nbd7 6. cxd5 exd5 7. Bd3 Be7 8. Nge2 h6 9. Bh4 0-0 10. 0-0 Qc7 11. Rc1 a6 12. f3 Bd6 13. h3 Bh2+ 14. Kh1 Nh5 15. f4 g5 16. Be1 Bxf4 17. exf4 gxf4 18. Nxd5 Qd6 19. Nexf4 Nxf4 20. Nxf4 Nf6 21. Nh5 Nxh5 22. Qxh5 Qxd4 23. Rf3 Qd6 24. Rg3+ Kh8 25. Bh7 1-0

[Event "Dresden ZMD op"]
[Site "Dresden"]
[Date "2008.07.19"]
[Round "1"]
[White "Konow, Philipp"]
[Black "Voigt, Roland"]
[Result "0-1"]
[WhiteElo "1860"]
[BlackElo "2381"]
[PlyCount "42"]
[EventDate "2008.07.19"]
[EventType "swiss"]
[EventRounds "9"]
[EventCountry "GER"]
[SourceTitle "CBM 125 Extra"]
[Source "ChessBase"]
[SourceDate "2008.09.01"]
[SourceVersion "1"]
[SourceVersionDate "2008.09.01"]
[SourceQuality "1"]

1. d4 g6 2. c4 Bg7 3. Nc3 Nf6 4. e4 d6 5. f3 0-0 6. Be3 c5 7. Nge2 Qa5 8. Rb1 Nc6 9. Qd2 a6 10. a3 b5 11. e5 dxe5 12. b4 Qxa3 13. dxc5 Nxb4 14. Nc1 Bf5 15. Rb3 Qa5 16. Ne4 Nc2+ 17. Ke2 Qxd2+ 18. Nxd2 Rfd8 19. cxb5 axb5 20. Rxb5 Nxe3 21. Kxe3 Bh6+ 0-1